000
00333nam a22001457a 4500
003
SGT
020
_a
0-444-50582-2
082
_a
610
_b
WAT
100
_a
WATANABE, TAKEHIKO
245
_a
HISTAMINE RESEARCH IN THE NEW MILLENNIUM
260
_a
USA
_b
ELSEVIER PUB.
_c
2001
300
_a
521
650
_a
RESEARCH
942
_2
ddc
_c
BK
999
_c
33085
_d
33085